00303nam a2200133 a 4500001000500000005001700005008004100022050002200063100001800085245001600103440002500119650001600144650000900160414020140414131852.0090218s19uu xx 00 eng d aM 612.8bH49 2005 aHewitt, Sally aLook here!. aLet's start! Science aBody senses aEyes